| 000 | 00392nam a22001571a 4500 | ||
|---|---|---|---|
| 082 |
_a294.592 6 _bRKS/C |
||
| 100 | _aR K Sharma | ||
| 245 |
_aChanakya's neeti scripture/ _cby R K Sharma |
||
| 260 |
_aBombay: _bBharatiya Vidya Bhavan, _c1994. |
||
| 300 | _a206p. | ||
| 650 | _aDharmasastra Chanakya | ||
| 650 | _aSpiritual Wisdom | ||
| 650 | _aHinduism | ||
| 650 | _aReligion | ||
| 942 | _cBK | ||
| 999 |
_c6971 _d6971 |
||